| 000 | 01017nam0a2200301 4500 | ||
|---|---|---|---|
| 001 | RU\NLR\bibl\87931 | ||
| 005 | 20250617074154.0 | ||
| 021 |
_aRU _b1998-24247 _91151 |
||
| 035 | _a(NLR Aleph) 000085894 | ||
| 090 |
_a480082 _c480082 |
||
| 100 | _a20000523d1998 |||y0rusy50 ca | ||
| 101 | 0 | _arus | |
| 102 | _aRU | ||
| 105 | _aa ||||||||| | ||
| 200 | 1 |
_aГипертекст и гипертекстовые системы _fВ.Л. Эпштейн |
|
| 210 |
_aМ. _cИн-т пробл. упр. _d1998 |
||
| 215 |
_a39 с. _cил. _d20 |
||
| 225 | 1 |
_aПрепринт _fРос. акад. наук, Ин-т пробл. упр. |
|
| 320 | _aБиблиогр.: с.37-39 и в подстроч. примеч. | ||
| 606 | 0 |
_aГипертекстовые системы _91431501 _3RU\NLR\auth\66293958 |
|
| 686 | _aЗ973.233 | ||
| 700 | 1 |
_aЭпштейн _bВ. Л. _4070 |
|
| 801 | 0 |
_aRU _bNLR _c20000523 _gPSBO |
|
| 801 | 1 |
_aRU _bNLR _c20000523 |
|
| 852 |
_aNLR _j99-4/8877 |
||
| 942 | _cBOOK | ||
| 980 | _aNB | ||